Concelhos de Cabo Verde em um Mapa - Statistics

Estatísticas Gerais
  • Esse quiz foi jogado 9 vezes
  • A pontuação média é 14 de 22
Respostas no mapa
Respostas codificadas por cores de uma escala verde-vermelha no mapa do quiz de acordo com a % correta abaixo.
 
Estatísticas das Respostas
Concelhos % Correto
Boa Vista
83%
Praia
83%
Sal
83%
São Filipe
83%
Tarrafal
83%
Brava
67%
Maio
67%
Porto Novo
67%
Ribeira Brava
67%
Ribeira Grande
67%
Santa Cruz
67%
São Lourenço dos Órgãos
67%
São Miguel
67%
São Vicente
67%
Mosteiros
50%
Paul
50%
Santa Catarina
50%
Santa Catarina do Fogo
50%
São Domingos
50%
São Salvador do Mundo
50%
Tarrafal de São Nicolau
50%
Ribeira Grande de Santiago
33%
Nenhum quiz correspondente encontrado
Distribuição das Pontuações
Porcentagem de Pessoas com Cada Pontuação
Percentil de Números Respondidos
Sua Pontuação Histórica
Você não jogou esse quiz